[Event "MPJBiS 2020"]
[Site "?"]
[Date "2020.08.28"]
[Round "5.2"]
[White "Krawczyk, Flawian"]
[Black "Liskiewicz, Jakub"]
[Result "1-0"]
[BlackElo "1424"]
[WhiteElo "1728"]
[LiveChessVersion "1.4.8"]

1. e4 {[%clk 0:15:18]} d6 {[%clk 0:15:19]} 2. d4 {[%clk 0:15:18]} Nf6
{[%clk 0:15:27]} 3. Nc3 {[%clk 0:15:34]} g6 {[%clk 0:15:36]} 4. Bg5
{[%clk 0:15:42]} Bg7 {[%clk 0:15:44]} 5. Qd2 {[%clk 0:15:51]} O-O
{[%clk 0:15:52]} 6. Nge2 {[%clk 0:14:30]} Nc6 {[%clk 0:15:53]} 7. f3
{[%clk 0:14:03]} e5 {[%clk 0:15:49]} 8. d5 {[%clk 0:14:03]} Ne7 {[%clk 0:15:43]}
9. h4 {[%clk 0:13:51]} h5 {[%clk 0:15:39]} 10. Bh6 {[%clk 0:13:07]} a6
{[%clk 0:15:18]} 11. Bxg7 {[%clk 0:12:15]} Kxg7 {[%clk 0:15:25]} 12. O-O-O
{[%clk 0:11:54]} b5 {[%clk 0:15:32]} 13. a3 {[%clk 0:10:30]} Bd7 {[%clk 0:15:27]}
14. Qg5 {[%clk 0:09:24]} a5 {[%clk 0:15:05]} 15. g4 {[%clk 0:08:35]} hxg4
{[%clk 0:14:55]} 16. h5 {[%clk 0:08:06]} gxf3 {[%clk 0:12:49]} 17. h6+
{[%clk 0:07:45]} Kh7 {[%clk 0:12:39]} 18. Qxf6 {[%clk 0:07:52]} Nf5
{[%clk 0:11:43]} 19. Qxd8 {[%clk 0:07:45]} Raxd8 {[%clk 0:11:33]} 20. exf5
{[%clk 0:07:53]} fxe2 {[%clk 0:11:26]} 21. fxg6+ {[%clk 0:08:01]} fxg6
{[%clk 0:11:33]} 22. Bxe2 {[%clk 0:08:10]} b4 {[%clk 0:11:34]} 23. Ne4
{[%clk 0:07:58]} Rf5 {[%clk 0:11:10]} 24. Bd3 {[%clk 0:08:04]} bxa3
{[%clk 0:10:46]} 25. bxa3 {[%clk 0:08:13]} Rdf8 {[%clk 0:10:18]} 26. Rdg1
{[%clk 0:08:22]} Rh5 {[%clk 0:07:24]} 27. Rxh5 {[%clk 0:08:30]} gxh5
{[%clk 0:07:31]} 28. Nf6+ {[%clk 0:08:18]} Kxh6 {[%clk 0:07:38]} 29. Nxd7 1-0

[Event "MPJBiS 2020"]
[Site "?"]
[Date "2020.08.28"]
[Round "5.3"]
[White "Grot, Blazej"]
[Black "Wierzbicki, Dawid"]
[Result "1/2-1/2"]
[BlackElo "1507"]
[WhiteElo "1601"]
[LiveChessVersion "1.4.8"]

1. e4 {[%clk 0:15:19]} c5 {[%clk 0:15:18]} 2. Nf3 {[%clk 0:15:27]} g6
{[%clk 0:15:27]} 3. d4 {[%clk 0:15:34]} cxd4 {[%clk 0:15:35]} 4. Nxd4
{[%clk 0:15:43]} Bg7 {[%clk 0:15:43]} 5. c4 {[%clk 0:15:51]} Nc6 {[%clk 0:15:52]}
6. Be3 {[%clk 0:16:00]} Nf6 {[%clk 0:15:59]} 7. Nc3 {[%clk 0:16:08]} d6
{[%clk 0:16:07]} 8. Be2 {[%clk 0:16:10]} Bd7 {[%clk 0:16:15]} 9. O-O
{[%clk 0:16:13]} Nxd4 {[%clk 0:16:23]} 10. Bxd4 {[%clk 0:16:21]} O-O
{[%clk 0:16:31]} 11. Rc1 {[%clk 0:16:27]} Bc6 {[%clk 0:16:32]} 12. f3
{[%clk 0:16:33]} Nd7 {[%clk 0:16:40]} 13. Bxg7 {[%clk 0:16:41]} Kxg7
{[%clk 0:16:48]} 14. Nd5 {[%clk 0:16:48]} 1/2-1/2

[Event "MPJBiS 2020"]
[Site "?"]
[Date "2020.08.28"]
[Round "5.4"]
[White "Merecki, Antoni"]
[Black "Borowik, Wojciech"]
[Result "1-0"]
[BlackElo "1528"]
[WhiteElo "1425"]
[LiveChessVersion "1.4.8"]

1. d4 {[%clk 0:15:19]} Nf6 {[%clk 0:15:18]} 2. c4 {[%clk 0:15:27]} g6
{[%clk 0:15:26]} 3. f3 {[%clk 0:15:36]} d5 {[%clk 0:13:35]} 4. cxd5
{[%clk 0:15:44]} Nxd5 {[%clk 0:13:39]} 5. e4 {[%clk 0:15:53]} Nb6
{[%clk 0:13:47]} 6. Be3 {[%clk 0:15:01]} Bg7 {[%clk 0:13:46]} 7. Nc3
{[%clk 0:14:39]} Nc6 {[%clk 0:13:01]} 8. Bb5 {[%clk 0:14:48]} Bd7
{[%clk 0:12:51]} 9. Nge2 {[%clk 0:13:52]} a6 {[%clk 0:12:54]} 10. Bxc6
{[%clk 0:13:49]} Bxc6 {[%clk 0:13:02]} 11. d5 {[%clk 0:12:49]} Bd7
{[%clk 0:12:33]} 12. Bd4 {[%clk 0:12:30]} O-O {[%clk 0:12:28]} 13. Bxg7
{[%clk 0:12:16]} Kxg7 {[%clk 0:12:36]} 14. Qd4+ {[%clk 0:11:57]} Kg8
{[%clk 0:12:43]} 15. O-O {[%clk 0:10:59]} Rc8 {[%clk 0:12:30]} 16. Rac1
{[%clk 0:08:33]} c5 {[%clk 0:12:20]} 17. Qd3 {[%clk 0:08:23]} Na4
{[%clk 0:10:39]} 18. Nxa4 {[%clk 0:08:24]} Bxa4 {[%clk 0:10:47]} 19. Nc3
{[%clk 0:08:25]} Bd7 {[%clk 0:10:53]} 20. b3 {[%clk 0:06:51]} b5 {[%clk 0:10:58]}
21. Qe3 {[%clk 0:06:17]} Qa5 {[%clk 0:10:43]} 22. e5 {[%clk 0:05:31]} f5
{[%clk 0:08:55]} 23. e6 {[%clk 0:04:14]} Be8 {[%clk 0:09:04]} 24. d6
{[%clk 0:04:16]} exd6 {[%clk 0:07:17]} 25. Nd5 {[%clk 0:04:25]} Rb8
{[%clk 0:06:02]} 26. Qh6 {[%clk 0:03:51]} Rb7 {[%clk 0:05:00]} 27. e7
{[%clk 0:02:46]} Rf7 {[%clk 0:04:53]} 28. Rfe1 {[%clk 0:02:28]} Rb8
{[%clk 0:04:16]} 29. Re6 {[%clk 0:02:20]} Rg7 {[%clk 0:02:15]} 30. Rxd6
{[%clk 0:01:03]} Kh8 {[%clk 0:01:33]} 31. Rd1 {[%clk 0:00:53]} b4
{[%clk 0:00:58]} 32. Qh4 {[%clk 0:00:40]} g5 {[%clk 0:00:37]} 33. Qh6
{[%clk 0:00:26]} Ra8 {[%clk 0:00:22]} 34. Qf6 {[%clk 0:00:33]} Bg6
{[%clk 0:00:15]} 35. Rd8+ {[%clk 0:00:41]} Rxd8 {[%clk 0:00:16]} 36. exd8=Q+
{[%clk 0:00:45]} Qxd8 {[%clk 0:00:24]} 37. Qxd8+ {[%clk 0:00:52]} Rg8
{[%clk 0:00:33]} 38. Qf6+ {[%clk 0:00:58]} Rg7 {[%clk 0:00:41]} 39. Ne7
{[%clk 0:01:05]} 1-0

[Event "MPJBiS 2020"]
[Site "?"]
[Date "2020.08.28"]
[Round "5.5"]
[White "Komendecki, Antoni"]
[Black "Zieba, Hubert"]
[Result "1-0"]
[BlackElo "1448"]
[WhiteElo "1528"]
[LiveChessVersion "1.4.8"]

1. e4 c5 2. Nf3 Nc6 3. d4 cxd4 4. Nxd4 g6 5. c4 Nf6 6. Nc3 Nxd4 7. Qxd4 d6 8. f3
Bg7 9. Be3 O-O 10. Qd2 Be6 11. Be2 Qa5 12. O-O Rfc8 13. b3 Ng4 14. Bd4 Bxd4+ 15.
Qxd4 Nf6 16. Rfe1 Qc5 17. Rad1 Qxd4+ 18. Rxd4 a6 19. Bf1 b5 20. Nd5 Bxd5 21. exd5
Kf8 22. Rd2 bxc4 23. Bxc4 a5 24. a4 Rab8 25. Kf2 Nd7 26. f4 Nc5 27. Re3 Nxa4 28.
Ba6 Nc5 29. Bxc8 Rxc8 30. Ra2 Ra8 31. b4 Nb7 32. Rea3 e6 33. bxa5 Ra6 34. Ke3 Ke7
35. Kd4 Kd7 36. Kc4 Kc7 37. Kb5 Nc5 38. Rc2 Kd7 39. Rxc5 Ra8 40. Rc6 exd5 41. Rb6
Ra7 42. a6 Ra8 43. a7 1-0

[Event "MPJBiS 2020"]
[Site "?"]
[Date "2020.08.28"]
[Round "5.6"]
[White "Musial, Igor"]
[Black "Sliz, Karol"]
[Result "0-1"]
[BlackElo "1372"]
[WhiteElo "1613"]
[LiveChessVersion "1.4.8"]

1. e4 {[%clk 0:15:19]} c6 {[%clk 0:15:11]} 2. d4 {[%clk 0:15:27]} d5 3. e5 Bf5
{[%clk 0:14:47]} 4. h4 {[%clk 0:15:45]} h6 {[%clk 0:14:55]} 5. g4
{[%clk 0:15:52]} Bd7 {[%clk 0:15:04]} 6. Be3 {[%clk 0:13:52]} e6 {[%clk 0:15:08]}
7. Bd3 {[%clk 0:13:29]} Qb6 {[%clk 0:15:03]} 8. b3 {[%clk 0:10:52]} c5
{[%clk 0:14:47]} 9. c3 Nc6 {[%clk 0:14:49]} 10. Ne2 {[%clk 0:09:43]} cxd4
{[%clk 0:14:46]} 11. cxd4 {[%clk 0:08:48]} Rc8 {[%clk 0:14:39]} 12. O-O
{[%clk 0:04:34]} Nb4 {[%clk 0:14:38]} 13. Nbc3 {[%clk 0:03:22]} Nxd3
{[%clk 0:14:21]} 14. Qxd3 {[%clk 0:03:31]} Be7 {[%clk 0:14:02]} 15. g5
{[%clk 0:03:35]} hxg5 {[%clk 0:13:14]} 16. hxg5 {[%clk 0:03:44]} Bb4
{[%clk 0:13:11]} 17. Kg2 {[%clk 0:02:14]} Bxc3 {[%clk 0:13:20]} 18. Nxc3
{[%clk 0:02:22]} Ne7 {[%clk 0:12:34]} 19. Rh1 {[%clk 0:01:59]} Rxh1
{[%clk 0:12:37]} 20. Rxh1 {[%clk 0:02:08]} Nf5 {[%clk 0:12:32]} 21. Rh8+
{[%clk 0:00:18]} Ke7 {[%clk 0:12:35]} 22. Rxc8 {[%clk 0:00:20]} Bxc8
{[%clk 0:12:40]} 23. Qxf5 {[%clk 0:00:12]} exf5 {[%clk 0:12:34]} 24. Nxd5+
{[%clk 0:00:21]} Ke6 {[%clk 0:12:36]} 25. Nxb6 {[%clk 0:00:28]} axb6
{[%clk 0:12:46]} 26. f3 {[%clk 0:00:16]} g6 {[%clk 0:12:47]} 27. Kf2
{[%clk 0:00:25]} Kd5 {[%clk 0:12:49]} 28. Ke2 {[%clk 0:00:34]} Bd7
{[%clk 0:12:42]} 29. a4 0-1

[Event "MPJBiS 2020"]
[Site "?"]
[Date "2020.08.28"]
[Round "5.7"]
[White "Lonski, Aleksander"]
[Black "Sniadecki, Oskar"]
[Result "0-1"]
[BlackElo "1569"]
[WhiteElo "1352"]
[LiveChessVersion "1.4.8"]

1. e4 e6 2. d4 b6 3. Nf3 Bb7 4. c4 Nf6 5. Nc3 Bb4 6. Bd3 Nxe4 7. Bxe4 Bxe4 8. O-O
Bxc3 9. bxc3 h6 10. Re1 Bb7 11. Bf4 O-O 12. Nd2 d6 13. Nb3 Nd7 14. Qg4 Kh8 15.
Re3 g5 16. Qh5 Kg7 17. Rg3 f6 18. h4 Rh8 19. Qe2 e5 20. Bd2 Qe7 21. f4 Rae8 22.
dxe5 dxe5 23. fxg5 hxg5 24. hxg5 f5 25. Re1 f4 26. Bxf4 Rh4 27. Bd2 Reh8 28. Rh3
Rxh3 29. gxh3 Rxh3 30. Rf1 Rh1+ 31. Kf2 Rh2+ 32. Ke1 Rxe2+ 33. Kxe2 Qe6 0-1

[Event "MPJBiS 2020"]
[Site "?"]
[Date "2020.08.28"]
[Round "5.8"]
[White "Bartodziej, Bartosz"]
[Black "Bartoszczuk, Adam"]
[Result "1-0"]
[BlackElo "1358"]
[WhiteElo "1563"]
[LiveChessVersion "1.4.8"]

1. e4 {[%clk 0:15:18]} c5 {[%clk 0:15:19]} 2. Nf3 {[%clk 0:15:26]} e6
{[%clk 0:15:28]} 3. d4 {[%clk 0:15:35]} cxd4 {[%clk 0:15:36]} 4. Nxd4
{[%clk 0:15:44]} a6 {[%clk 0:15:44]} 5. c4 {[%clk 0:15:51]} Qc7 {[%clk 0:15:51]}
6. Nc3 {[%clk 0:15:53]} Nf6 {[%clk 0:15:59]} 7. Qd3 {[%clk 0:15:51]} Be7
{[%clk 0:15:54]} 8. Be2 {[%clk 0:15:53]} d6 {[%clk 0:16:01]} 9. f4
{[%clk 0:15:51]} O-O {[%clk 0:16:02]} 10. O-O {[%clk 0:15:58]} Nbd7
{[%clk 0:16:10]} 11. b4 {[%clk 0:16:03]} b6 {[%clk 0:15:32]} 12. Be3
{[%clk 0:16:02]} Bb7 {[%clk 0:15:40]} 13. Rac1 {[%clk 0:15:48]} Rac8
{[%clk 0:15:21]} 14. a3 {[%clk 0:15:13]} Qb8 {[%clk 0:14:11]} 15. h3
{[%clk 0:14:11]} Qa8 {[%clk 0:14:11]} 16. Bf3 {[%clk 0:14:09]} Rc7
{[%clk 0:13:12]} 17. f5 {[%clk 0:13:20]} Ne5 {[%clk 0:12:45]} 18. Qe2
{[%clk 0:11:49]} exf5 {[%clk 0:10:50]} 19. Nxf5 {[%clk 0:10:46]} Nxe4
{[%clk 0:10:31]} 20. Bxb6 {[%clk 0:09:31]} Nxc3 {[%clk 0:09:57]} 21. Rxc3
{[%clk 0:09:35]} Rd7 {[%clk 0:10:06]} 22. Bg4 {[%clk 0:07:46]} Nxg4
{[%clk 0:08:30]} 23. Qxg4 {[%clk 0:07:34]} Bc6 {[%clk 0:07:57]} 24. Qxg7#
{[%clk 0:07:33]} 1-0

[Event "MPJBiS 2020"]
[Site "?"]
[Date "2020.08.28"]
[Round "5.9"]
[White "Duda, Leon"]
[Black "Skrzypinski, Jan"]
[Result "0-1"]
[BlackElo "1519"]
[WhiteElo "1280"]
[LiveChessVersion "1.4.8"]

1. e4 {[%clk 0:15:19]} c5 {[%clk 0:15:13]} 2. Nf3 {[%clk 0:15:27]} d6
{[%clk 0:15:21]} 3. d4 {[%clk 0:15:35]} cxd4 {[%clk 0:15:30]} 4. Nxd4
{[%clk 0:15:44]} Nf6 {[%clk 0:15:39]} 5. Nc3 {[%clk 0:15:51]} a6 {[%clk 0:15:48]}
6. Be3 {[%clk 0:15:40]} e5 {[%clk 0:15:56]} 7. Nb3 {[%clk 0:15:41]} Be6
{[%clk 0:15:59]} 8. Be2 {[%clk 0:15:33]} Be7 {[%clk 0:15:53]} 9. Qd2
{[%clk 0:15:39]} Nc6 {[%clk 0:16:02]} 10. O-O-O {[%clk 0:15:19]} b5
{[%clk 0:15:59]} 11. f3 {[%clk 0:15:20]} O-O {[%clk 0:15:57]} 12. g4
{[%clk 0:15:25]} Rc8 {[%clk 0:15:01]} 13. h4 {[%clk 0:15:17]} Nb4
{[%clk 0:14:31]} 14. h5 {[%clk 0:14:17]} Nxa2+ {[%clk 0:14:38]} 15. Nxa2
{[%clk 0:14:00]} Bxb3 {[%clk 0:14:45]} 16. Nc3 {[%clk 0:14:05]} Qa5
{[%clk 0:12:57]} 17. cxb3 {[%clk 0:12:26]} b4 {[%clk 0:13:05]} 18. Kc2
{[%clk 0:12:11]} bxc3 {[%clk 0:13:03]} 19. bxc3 {[%clk 0:12:08]} Qa2+
{[%clk 0:13:12]} 20. Kd3 {[%clk 0:11:43]} Qxb3 {[%clk 0:12:58]} 21. Rb1
{[%clk 0:11:01]} Qc4+ {[%clk 0:13:07]} 22. Kc2 {[%clk 0:11:02]} Qa4+
{[%clk 0:13:09]} 23. Rb3 {[%clk 0:10:43]} Nxe4 {[%clk 0:12:54]} 24. fxe4
{[%clk 0:09:11]} Qxe4+ {[%clk 0:13:02]} 25. Bd3 {[%clk 0:08:06]} Qxh1
{[%clk 0:13:10]} 26. h6 {[%clk 0:07:57]} e4 {[%clk 0:12:49]} 27. Bxa6
{[%clk 0:07:23]} Ra8 {[%clk 0:12:57]} 28. hxg7 {[%clk 0:06:31]} Rfd8
{[%clk 0:12:34]} 29. Bc4 {[%clk 0:05:13]} Ra2+ {[%clk 0:12:38]} 30. Rb2
{[%clk 0:05:22]} Rxb2+ {[%clk 0:12:46]} 31. Kxb2 {[%clk 0:05:30]} Rb8+
{[%clk 0:12:54]} 32. Ka2 {[%clk 0:05:21]} Qb1+ {[%clk 0:12:59]} 0-1

[Event "MPJBiS 2020"]
[Site "?"]
[Date "2020.08.28"]
[Round "5.10"]
[White "Ugorek, Kacper"]
[Black "Rosa, Antoni"]
[Result "0-1"]
[BlackElo "1506"]
[WhiteElo "1266"]
[LiveChessVersion "1.4.8"]

1. e4 {[%clk 0:15:19]} e6 {[%clk 0:15:14]} 2. d4 {[%clk 0:15:25]} d5
{[%clk 0:15:21]} 3. exd5 {[%clk 0:15:28]} exd5 {[%clk 0:15:27]} 4. Bd3
{[%clk 0:15:35]} Nf6 {[%clk 0:15:22]} 5. Nf3 {[%clk 0:15:37]} Be7
{[%clk 0:15:10]} 6. Bf4 {[%clk 0:15:26]} Bg4 {[%clk 0:13:51]} 7. Nbd2
{[%clk 0:15:12]} O-O {[%clk 0:13:43]} 8. O-O {[%clk 0:15:13]} Nbd7
{[%clk 0:13:39]} 9. Re1 {[%clk 0:15:14]} Re8 {[%clk 0:13:43]} 10. h3
{[%clk 0:15:19]} Bh5 {[%clk 0:12:38]} 11. c3 {[%clk 0:14:54]} c6 {[%clk 0:10:57]}
12. Qc2 {[%clk 0:14:52]} c5 {[%clk 0:10:43]} 13. Re3 {[%clk 0:09:55]} c4
{[%clk 0:10:23]} 14. Bf5 {[%clk 0:08:55]} Bxf3 {[%clk 0:10:12]} 15. Bxd7
{[%clk 0:07:59]} Qxd7 {[%clk 0:09:20]} 16. Nxf3 {[%clk 0:08:05]} Bd6
{[%clk 0:09:19]} 17. Be5 {[%clk 0:07:06]} Ne4 {[%clk 0:07:56]} 18. Rae1
{[%clk 0:07:01]} Re6 {[%clk 0:07:01]} 19. Bxd6 {[%clk 0:07:00]} Qxd6
{[%clk 0:06:59]} 20. Nd2 {[%clk 0:03:59]} Nxd2 {[%clk 0:06:48]} 21. Qxd2
{[%clk 0:03:55]} Rae8 {[%clk 0:06:46]} 22. R1e2 {[%clk 0:03:31]} h6 23. Qe1 Rxe3
{[%clk 0:06:06]} 24. Rxe3 {[%clk 0:03:39]} Rxe3 {[%clk 0:06:13]} 25. Qxe3
{[%clk 0:03:47]} Qg6 {[%clk 0:06:04]} 26. Qc1 {[%clk 0:03:01]} Qd3
{[%clk 0:05:57]} 27. Kh2 {[%clk 0:01:13]} Qf5 {[%clk 0:04:59]} 28. Qe3
{[%clk 0:00:49]} Kf8 {[%clk 0:05:00]} 29. Qg3 {[%clk 0:00:53]} Qd7
{[%clk 0:04:31]} 30. Qb8+ {[%clk 0:01:01]} Ke7 {[%clk 0:04:20]} 31. Qxa7
{[%clk 0:01:08]} Qd6+ {[%clk 0:04:13]} 32. g3 {[%clk 0:01:15]} Qc6
{[%clk 0:04:15]} 33. Kg2 {[%clk 0:01:22]} Kf6 {[%clk 0:03:44]} 34. Qa3
{[%clk 0:01:05]} Qe6 {[%clk 0:03:30]} 35. Qb4 {[%clk 0:00:22]} Qe4+
{[%clk 0:03:25]} 36. Kh2 {[%clk 0:00:29]} Kg6 {[%clk 0:02:23]} 37. Qxb7
{[%clk 0:00:33]} Qe1 {[%clk 0:02:31]} 38. Qxd5 {[%clk 0:00:27]} Qxf2+
{[%clk 0:02:38]} 39. Qg2 {[%clk 0:00:35]} Qe3 {[%clk 0:02:46]} 40. Qc2+
{[%clk 0:00:44]} Kg5 {[%clk 0:02:46]} 41. Kg2 {[%clk 0:00:49]} f5
{[%clk 0:02:41]} 42. Qf2 {[%clk 0:00:58]} Qe4+ {[%clk 0:02:50]} 43. Kh2
{[%clk 0:01:03]} Qd3 {[%clk 0:02:45]} 44. a3 {[%clk 0:01:00]} h5 {[%clk 0:02:34]}
45. Kg2 {[%clk 0:01:00]} Qe4+ {[%clk 0:02:40]} 46. Kg1 {[%clk 0:01:04]} Qb1+
{[%clk 0:02:40]} 47. Kg2 {[%clk 0:01:10]} Qe4+ {[%clk 0:02:47]} 48. Qf3
{[%clk 0:01:18]} Qc2+ {[%clk 0:02:54]} 49. Qf2 {[%clk 0:01:27]} Qe4+
{[%clk 0:03:02]} 50. Kh2 {[%clk 0:01:36]} Kf6 {[%clk 0:02:54]} 51. Qd2
{[%clk 0:01:19]} g5 {[%clk 0:02:53]} 52. h4 {[%clk 0:00:46]} gxh4
{[%clk 0:02:48]} 53. Qh6+ {[%clk 0:00:54]} Ke7 {[%clk 0:02:52]} 54. Qg7+
{[%clk 0:01:01]} Kd8 {[%clk 0:02:40]} 55. Qf8+ {[%clk 0:00:57]} Kd7
{[%clk 0:02:44]} 56. Qg7+ {[%clk 0:00:59]} Kd8 {[%clk 0:02:52]} 57. Qf6+
{[%clk 0:01:04]} Kc8 {[%clk 0:02:54]} 58. Qa6+ {[%clk 0:01:13]} Kd7
{[%clk 0:02:59]} 59. Qb5+ {[%clk 0:01:21]} Kd8 {[%clk 0:03:03]} 60. Qb6+
{[%clk 0:01:26]} Kd7 {[%clk 0:03:09]} 61. Qb5+ {[%clk 0:01:32]} Kd8
{[%clk 0:03:17]} 62. Qb8+ {[%clk 0:01:41]} Kd7 {[%clk 0:03:24]} 63. Qa7+
{[%clk 0:01:47]} Kd8 {[%clk 0:03:30]} 64. Qa5+ {[%clk 0:01:55]} Kd7
{[%clk 0:03:38]} 65. Qb5+ {[%clk 0:01:56]} Kd8 {[%clk 0:03:45]} 66. Qb6+
{[%clk 0:01:56]} Kd7 {[%clk 0:03:52]} 67. Qb5+ {[%clk 0:01:49]} Kd8
{[%clk 0:04:00]} 68. Qxc4 {[%clk 0:00:38]} hxg3+ {[%clk 0:03:44]} 69. Kxg3
{[%clk 0:00:47]} h4+ {[%clk 0:03:43]} 70. Kf2 {[%clk 0:00:54]} Qf4+
{[%clk 0:03:44]} 71. Kg1 {[%clk 0:00:40]} Qg3+ {[%clk 0:03:41]} 72. Kf1
{[%clk 0:00:44]} Qf3+ {[%clk 0:03:48]} 73. Ke1 {[%clk 0:00:49]} Qh1+
{[%clk 0:03:01]} 74. Kd2 {[%clk 0:00:13]} Qg2+ {[%clk 0:03:00]} 75. Ke1
{[%clk 0:00:22]} Qh1+ {[%clk 0:03:06]} 76. Qf1 {[%clk 0:00:18]} Qe4+
{[%clk 0:03:15]} 77. Kd2 {[%clk 0:00:24]} f4 {[%clk 0:03:15]} 78. Qf2
{[%clk 0:00:24]} f3 {[%clk 0:03:02]} 79. Qh2 {[%clk 0:00:29]} Qg4
{[%clk 0:02:43]} 80. Ke3 {[%clk 0:00:35]} h3 {[%clk 0:02:29]} 81. Kf2
{[%clk 0:00:30]} Qe4 {[%clk 0:01:52]} 82. Kg3 {[%clk 0:00:00]} 0-1

[Event "MPJBiS 2020"]
[Site "?"]
[Date "2020.08.28"]
[Round "5.11"]
[White "Tarlowski, Bartosz"]
[Black "Ptaszynski, Szymon"]
[Result "1/2-1/2"]
[BlackElo "1468"]
[WhiteElo "1256"]
[LiveChessVersion "1.4.8"]

1. c4 {[%clk 0:15:18]} e5 {[%clk 0:15:18]} 2. Nc3 {[%clk 0:15:26]} g6
{[%clk 0:15:25]} 3. g3 {[%clk 0:15:34]} Bg7 {[%clk 0:15:34]} 4. Bg2
{[%clk 0:15:42]} Ne7 {[%clk 0:15:41]} 5. d3 {[%clk 0:15:51]} d6 {[%clk 0:15:43]}
6. Nf3 {[%clk 0:15:56]} c6 {[%clk 0:15:06]} 7. O-O {[%clk 0:15:59]} O-O
{[%clk 0:15:07]} 8. Bg5 {[%clk 0:16:04]} h6 {[%clk 0:15:13]} 9. Bd2
{[%clk 0:16:10]} Be6 {[%clk 0:15:16]} 10. Qc1 {[%clk 0:16:01]} Kh7
{[%clk 0:15:24]} 11. Qc2 {[%clk 0:16:04]} Nd7 {[%clk 0:14:58]} 12. b4
{[%clk 0:16:03]} f5 {[%clk 0:14:33]} 13. e3 {[%clk 0:16:01]} Nf6 {[%clk 0:14:39]}
14. h3 {[%clk 0:16:00]} Qd7 {[%clk 0:14:39]} 15. Kh2 {[%clk 0:16:07]} Rac8
{[%clk 0:08:40]} 16. c5 {[%clk 0:16:08]} Rcd8 {[%clk 0:08:11]} 17. Rad1
{[%clk 0:15:50]} Qc7 {[%clk 0:07:37]} 18. cxd6 {[%clk 0:15:20]} Qxd6
{[%clk 0:07:30]} 19. Bc1 {[%clk 0:15:10]} Ned5 {[%clk 0:05:13]} 20. Nxd5
{[%clk 0:14:56]} Nxd5 {[%clk 0:04:57]} 21. a3 {[%clk 0:14:44]} Qb8
{[%clk 0:04:49]} 22. Bb2 {[%clk 0:14:31]} f4 {[%clk 0:04:31]} 23. exf4
{[%clk 0:14:28]} exf4 {[%clk 0:04:40]} 24. Bxg7 {[%clk 0:14:23]} Kxg7
{[%clk 0:04:48]} 25. Qb2+ {[%clk 0:14:27]} Kh7 {[%clk 0:04:55]} 26. Nd4
{[%clk 0:13:46]} Bg8 {[%clk 0:04:59]} 27. Rde1 {[%clk 0:13:15]} fxg3+
{[%clk 0:04:41]} 28. fxg3 {[%clk 0:13:23]} Rxf1 {[%clk 0:04:49]} 29. Rxf1
{[%clk 0:13:30]} Ne3 {[%clk 0:04:55]} 30. Re1 {[%clk 0:13:12]} Qe5
{[%clk 0:04:05]} 31. Qe2 {[%clk 0:12:36]} Qxd4 {[%clk 0:03:39]} 32. Qxe3
{[%clk 0:12:25]} Qxe3 {[%clk 0:03:47]} 33. Rxe3 {[%clk 0:12:33]} Rd7
{[%clk 0:03:56]} 34. Be4 {[%clk 0:12:29]} Kg7 {[%clk 0:03:57]} 35. Rf3
{[%clk 0:12:36]} Be6 {[%clk 0:03:49]} 36. g4 {[%clk 0:12:28]} Rf7
{[%clk 0:02:49]} 37. Kg3 {[%clk 0:11:53]} Rd7 {[%clk 0:02:11]} 38. Kf2
{[%clk 0:11:43]} Rc7 {[%clk 0:01:48]} 39. d4 {[%clk 0:11:29]} Re7
{[%clk 0:01:19]} 40. Bc2 {[%clk 0:08:51]} Bd5 {[%clk 0:00:53]} 41. Re3
{[%clk 0:08:41]} Rf7+ {[%clk 0:00:56]} 42. Ke2 {[%clk 0:08:43]} Bc4+
{[%clk 0:00:49]} 43. Bd3 {[%clk 0:08:39]} Bd5 {[%clk 0:00:43]} 44. Be4
{[%clk 0:08:13]} Bc4+ {[%clk 0:00:47]} 45. Bd3 {[%clk 0:08:22]} Bxd3+
{[%clk 0:00:54]} 46. Kxd3 {[%clk 0:08:30]} Rd7 {[%clk 0:00:57]} 47. Rf3
{[%clk 0:08:28]} Rd5 {[%clk 0:00:56]} 48. Kc3 {[%clk 0:08:14]} Rd7
{[%clk 0:00:57]} 49. Rf2 {[%clk 0:07:59]} Re7 {[%clk 0:00:52]} 50. Rf3
{[%clk 0:08:08]} Re1 {[%clk 0:00:51]} 51. Kd2 {[%clk 0:07:52]} Re4
{[%clk 0:00:52]} 52. Kd3 {[%clk 0:08:00]} Re7 {[%clk 0:00:57]} 53. Kc3
{[%clk 0:08:08]} Re6 {[%clk 0:01:00]} 54. Kd3 {[%clk 0:08:10]} Rf6
{[%clk 0:00:27]} 55. Rxf6 {[%clk 0:07:38]} Kxf6 {[%clk 0:00:36]} 56. Ke4
{[%clk 0:07:45]} Ke6 {[%clk 0:00:37]} 57. h4 {[%clk 0:07:49]} b5 {[%clk 0:00:39]}
58. Ke3 {[%clk 0:06:45]} Kd5 {[%clk 0:00:42]} 59. Kd3 {[%clk 0:06:03]} a6
{[%clk 0:00:49]} 60. h5 {[%clk 0:06:06]} g5 {[%clk 0:00:14]} 61. Ke3
{[%clk 0:06:14]} Kc4 {[%clk 0:00:24]} 62. Ke4 {[%clk 0:06:23]} Kb3
{[%clk 0:00:33]} 63. Kf5 {[%clk 0:06:32]} Kxa3 {[%clk 0:00:42]} 64. Kg6
{[%clk 0:06:42]} Kxb4 {[%clk 0:00:49]} 65. Kxh6 {[%clk 0:06:50]} a5
{[%clk 0:00:19]} 66. Kxg5 {[%clk 0:06:57]} a4 {[%clk 0:00:28]} 67. h6
{[%clk 0:07:05]} a3 {[%clk 0:00:37]} 68. h7 {[%clk 0:07:14]} a2 {[%clk 0:00:46]}
69. h8=Q {[%clk 0:07:23]} a1=Q {[%clk 0:00:53]} 70. Qf8+ {[%clk 0:07:26]} Kc4
{[%clk 0:00:59]} 71. Qc5+ {[%clk 0:07:34]} Kd3 {[%clk 0:01:08]} 72. Qf5+
{[%clk 0:07:29]} Kc4 {[%clk 0:01:09]} 73. Qc5+ {[%clk 0:07:38]} Kd3
{[%clk 0:01:13]} 74. Qf5+ {[%clk 0:07:46]} 1/2-1/2

[Event "MPJBiS 2020"]
[Site "?"]
[Date "2020.08.28"]
[Round "6.1"]
[White "Komendecki, Antoni"]
[Black "Krawczyk, Flawian"]
[Result "0-1"]
[BlackElo "1728"]
[WhiteElo "1528"]
[LiveChessVersion "1.4.8"]

1. e4 c5 2. Nf3 d6 3. d4 cxd4 4. Nxd4 Nf6 5. Nc3 a6 6. Be2 e5 7. Nb3 Be7 8. Bg5
Be6 9. Bxf6 Bxf6 10. Nd5 Bg5 11. O-O O-O 12. Qd3 Nc6 13. Rad1 Re8 14. c3 Bxd5 15.
Qxd5 Be7 16. f4 Qc7 17. fxe5 Nxe5 18. Nd4 g6 19. Kh1 Bf8 20. Nf3 Rad8 21. Qb3 b5
22. Nxe5 Rxe5 23. Bd3 d5 24. exd5 Rexd5 25. Be2 Rxd1 26. Rxd1 Re8 27. Bf3 Qe5 28.
Rf1 Bd6 29. g3 Kg7 30. Kg2 h5 31. Rf2 h4 32. Re2 h3+ 33. Kxh3 Qf5+ 34. Kg2 Rh8
35. Qc2 Qh3+ 36. Kg1 Bc5+ 37. Rf2 Qxh2+ 38. Kf1 Bxf2 39. Qxf2 Qxf2+ 40. Kxf2 Rh2+
41. Bg2 Kf6 42. a3 Ke5 43. Kg1 Rh8 44. Bb7 a5 45. Bc6 Rb8 46. b3 b4 47. cxb4 axb4
48. a4 Rc8 49. Bb5 Rc2 50. a5 f5 51. a6 Rc7 52. Kf2 g5 53. Be2 f4 54. Bf3 Rc2+
55. Kg1 Ra2 56. gxf4+ Kxf4 57. Bb7 g4 58. Kf1 Kg3 59. Bc8 Ra3 60. Bb7 Kf2+ 61.
Kxf2 g3+ 62. Ke3 g2 63. Bxg2 0-1

[Event "MPJBiS 2020"]
[Site "?"]
[Date "2020.08.28"]
[Round "6.2"]
[White "Seemann, Jakub"]
[Black "Merecki, Antoni"]
[Result "1-0"]
[BlackElo "1425"]
[WhiteElo "1687"]
[LiveChessVersion "1.4.8"]

1. e4 {[%clk 0:15:16]} d6 2. d4 {[%clk 0:15:22]} Nf6 {[%clk 0:15:28]} 3. Nc3
{[%clk 0:15:29]} e5 {[%clk 0:15:36]} 4. Nf3 {[%clk 0:15:37]} Nbd7
{[%clk 0:15:45]} 5. Bc4 {[%clk 0:15:45]} Be7 {[%clk 0:15:53]} 6. O-O
{[%clk 0:15:51]} O-O {[%clk 0:16:00]} 7. a4 {[%clk 0:15:57]} c6 {[%clk 0:16:02]}
8. Qe2 Qc7 9. Ba2 {[%clk 0:15:42]} h6 {[%clk 0:16:13]} 10. dxe5 {[%clk 0:15:48]}
dxe5 {[%clk 0:16:21]} 11. Nh4 {[%clk 0:15:54]} Rd8 {[%clk 0:14:44]} 12. Qc4
{[%clk 0:15:54]} Nf8 {[%clk 0:13:40]} 13. Qxf7+ {[%clk 0:15:52]} Kh7
{[%clk 0:13:22]} 14. Be3 {[%clk 0:14:22]} Bd7 {[%clk 0:12:28]} 15. Qxe7
{[%clk 0:14:23]} 1-0